000 01133cad a22002295a 4500
001 E152260
008 110215s2010 xxk f 100 0 eng d
020 _a9781842196199
035 _a(Sirsi) u152260
041 0 _aeng
100 1 _aMann, Phebe
111 2 _aConstruction and Building Research Conference
_cDauphine Universite, Paris
_d2-3 September 2010
245 0 0 _aWho owns the copyright of architectural works and designs?
_h[electronic resource]
260 _aLondon
_bRICS
_c2010
520 _aA paper presented at the COBRA Conference in Paris on 2-3 September 2010. Investigates to what extent copyrights protect the rights and interests of the designers on architectural works and design.
590 _aKA
650 2 4 _aCONSTRUCTION AND BUILDING RESEARCH CONFERENCE (COBRA)
651 4 _aUnited Kingdom
_y
690 _aMANAGEMENT-BUSINESS MANAGEMENT-INFORMATION MANAGEMENT
856 4 0 _uhttps://rics.org/globalassets/rics-website/media/footer/library-document-delivery-form-rics.pdfz
_Complete an order form to purchase an electronic copy of an extract from this item.
_zBroken link - not available
942 _n0
999 _c111958
_d111958